[Event "XVI Moglianoscacchi Magistrale"]
[Site "Mogliano Veneto ITA"]
[Date "1995.04.??"]
[Round "5"]
[White "Rosino, Antonio"]
[Black "Pastres, Roberto"]
[Result "1-0"]
[WhiteElo "2320"]
[BlackElo "2220"]
[PlyCount "71"]
[EventDate "1995.04.??"]

1. e4 c5 2. Nf3 e6 3. d4 cxd4 4. Nxd4 Nf6 5. Nc3 d6 6. Bg5 a6 7. f4 Qb6 8. Nb3
Nbd7 9. Qf3 Be7 10. O-O-O Qc7 11. g4 b5 12. Bxf6 gxf6 13. a3 Bb7 14. f5 Rc8 15.
fxe6 fxe6 16. g5 O-O 17. g6 hxg6 18. Nd4 Nc5 19. Qh3 f5 20. Rg1 Bxe4 21. Rxg6+
Kf7 22. Qh5 Ke8 23. Nxe6 Nxe6 24. Rxe6+ Kd7 25. Rxe4 fxe4 26. Bh3+ Kc6 27. Bxc8
Rxc8 28. Qd5+ Kb6 29. Qxe4 Bg5+ 30. Kb1 Qc6 31. Nd5+ Kb7 32. Rg1 Bd8 33. Rg7+
Kb8 34. c3 Bc7 35. Qd4 Qe8 36. Nxc7 1-0

[Event "II Festival"]
[Site "Paterno' ITA"]
[Date "1995.??.??"]
[Round "1"]
[White "Amendolia, Orazio"]
[Black "Alaimo, Riccardo"]
[Result "0-1"]
[WhiteElo "1558"]
[BlackElo "1933"]
[PlyCount "52"]
[EventDate "1995.??.??"]

1. e4 c5 2. Nf3 d6 3. d4 cxd4 4. Nxd4 Nf6 5. Nc3 a6 6. Be2 e5 7. Nb3 Be7 8. Be3
O-O 9. Qd2 Be6 10. O-O b5 11. f3 Nbd7 12. Rad1 Nb6 13. Na5 Qc7 14. Rc1 b4 15.
Nd1 d5 16. exd5 Nfxd5 17. Kh1 Rfd8 18. Qe1 Nxe3 19. Nxe3 Qc5 20. Nb7 Qxe3 21.
Nxd8 Rxd8 22. Bxa6 Qxe1 23. Rfxe1 Ra8 24. Bb7 Rxa2 25. b3 Bg5 26. Red1 g6 0-1

[Event "II Festival"]
[Site "Paterno' ITA"]
[Date "1995.??.??"]
[Round "2"]
[White "Alaimo, Riccardo"]
[Black "Lisi, Sebastiano"]
[Result "1-0"]
[WhiteElo "1933"]
[BlackElo "1657"]
[PlyCount "43"]
[EventDate "1995.??.??"]

1. e4 c6 2. d4 d5 3. exd5 cxd5 4. c4 Nf6 5. Nc3 e6 6. Nf3 Bb4 7. cxd5 Nxd5 8.
Bd2 Nxc3 9. bxc3 Be7 10. Bd3 Nd7 11. O-O O-O 12. Re1 Nf6 13. Ne5 Bd7 14. Qf3
Re8 15. Qxb7 a5 16. Qf3 Rb8 17. Bxh7+ Kxh7 18. Nxf7 Qb6 19. Bf4 Qc6 20. Qxc6
Bxc6 21. Bxb8 Rxb8 22. Rxe6 1-0

[Event "II Festival"]
[Site "Paterno' ITA"]
[Date "1995.??.??"]
[Round "3"]
[White "Tondo, Salvatore"]
[Black "Alaimo, Riccardo"]
[Result "1-0"]
[WhiteElo "2120"]
[BlackElo "1933"]
[PlyCount "71"]
[EventDate "1995.??.??"]

1. e4 c5 2. d4 cxd4 3. c3 Nf6 4. e5 Nd5 5. Qxd4 e6 6. Nf3 Nc6 7. Qe4 f5 8. Qe2
Qc7 9. g3 b5 10. Bg2 a5 11. O-O Ba6 12. Nh4 g6 13. Bg5 b4 14. c4 Nd4 15. Qd1
Qxc4 16. Nd2 Qc6 17. Re1 Bc5 18. Nb3 Nxb3 19. axb3 Qb6 20. Nxf5 Bxf2+ 21. Kh1
O-O 22. Nh6+ Kg7 23. Ng4 Bxe1 24. Bh6+ Kh8 25. Bxf8 Rxf8 26. Qxe1 Bb7 27. Qd2
Rf7 28. h4 d6 29. exd6 Qxd6 30. Qd4+ Kg8 31. Nh6+ Kf8 32. Nxf7 Kxf7 33. Rf1+
Kg8 34. Kh2 Qe7 35. Qe5 Ba6 36. Bxd5 1-0

[Event "II Festival"]
[Site "Paterno' ITA"]
[Date "1995.??.??"]
[Round "4"]
[White "Larocca, Antonino"]
[Black "Alaimo, Riccardo"]
[Result "0-1"]
[WhiteElo "1567"]
[BlackElo "1933"]
[PlyCount "98"]
[EventDate "1995.??.??"]

1. e4 c5 2. Nf3 d6 3. d4 cxd4 4. Nxd4 Nf6 5. Nc3 a6 6. f4 e5 7. fxe5 dxe5 8.
Nf3 Qc7 9. Bd3 Bc5 10. Bg5 Nbd7 11. Qd2 b5 12. a3 Bb7 13. h3 Rc8 14. Be3 b4 15.
Na4 bxa3 16. bxa3 Bxe3 17. Qxe3 Qa5+ 18. Kf2 Qxa4 19. Rhc1 Qc6 20. Nd2 Qc5 21.
Nc4 O-O 22. Qxc5 Nxc5 23. Nd6 Ncxe4+ 24. Nxe4 Nxe4+ 25. Ke3 Nc5 26. Bf5 Rc7 27.
g3 g6 28. Bg4 f5 29. Be2 Rfc8 30. Rab1 Bd5 31. c4 Bf7 32. g4 f4+ 33. Kd2 Ne4+
34. Ke1 Bxc4 35. Rb4 Nd6 36. Rb6 Bxe2 37. Rxc7 Rxc7 38. Kxe2 Rc2+ 39. Kd3 Rd2+
40. Kc3 Rd5 41. Rxa6 f3 42. Rb6 Ne4+ 43. Kc2 Rd2+ 44. Kc1 f2 45. Rb8+ Kg7 46.
Rb7+ Kf6 47. g5+ Kxg5 48. Rf7 Nf6 49. h4+ Kf5 0-1

[Event "II Festival"]
[Site "Paterno' ITA"]
[Date "1995.??.??"]
[Round "5"]
[White "Alaimo, Riccardo"]
[Black "Arnetta, Benedetto"]
[Result "1-0"]
[WhiteElo "1933"]
[BlackElo "1594"]
[PlyCount "95"]
[EventDate "1995.??.??"]

1. e4 e6 2. d4 d5 3. Nc3 c5 4. exd5 cxd4 5. Qxd4 a6 6. Nf3 Ne7 7. dxe6 Bxe6 8.
Qxd8+ Kxd8 9. Ng5 Nbc6 10. Nxe6+ fxe6 11. Be3 Kc7 12. O-O-O Nf5 13. Bf4+ Bd6
14. Bxd6+ Nxd6 15. g3 g5 16. Bh3 Rae8 17. Rhe1 Nd8 18. Re5 Rhg8 19. Bg4 h6 20.
Rde1 Kd7 21. Na4 N6f7 22. R5e3 Rg6 23. Nc5+ Kd6 24. Bh5 Rg7 25. b4 e5 26. Rd1+
Kc6 27. Bf3+ Kb6 28. Rd7 g4 29. Bg2 a5 30. a3 axb4 31. axb4 Rg6 32. Nxb7 Rf6
33. Nxd8 Nxd8 34. Red3 Nc6 35. R3d6 Ree6 36. Rxe6 Rxe6 37. Bxc6 Kxc6 38. Rd2
Kb5 39. c3 Kc4 40. Kb2 Rf6 41. Re2 Kd5 42. Kb3 Rc6 43. Ra2 Ke4 44. b5 Rc8 45.
Kb4 Kd3 46. Ra6 Rxc3 47. Rd6+ Kc2 48. Rc6 1-0

[Event "II Festival"]
[Site "Paterno' ITA"]
[Date "1995.??.??"]
[Round "6"]
[White "Alaimo, Riccardo"]
[Black "Fabiano, Giuseppe"]
[Result "1-0"]
[WhiteElo "1933"]
[BlackElo "2230"]
[PlyCount "43"]
[EventDate "1995.??.??"]

1. e4 e5 2. Nf3 d6 3. d4 exd4 4. Nxd4 g6 5. Nc3 Bg7 6. Be3 Nf6 7. Qd2 O-O 8.
O-O-O Re8 9. f3 Nc6 10. h4 Ne5 11. Bh6 Bh8 12. Bg5 a6 13. h5 b5 14. hxg6 fxg6
15. Nd5 c5 16. Qf4 Nxd5 17. exd5 Qc7 18. Nc6 Qg7 19. Bh6 Nd3+ 20. Rxd3 Qxb2+
21. Kd2 c4 22. Ne7+ 1-0

[Event "II Festival"]
[Site "Paterno' ITA"]
[Date "1995.??.??"]
[Round "7"]
[White "Licciardello, Salvatore"]
[Black "Alaimo, Riccardo"]
[Result "0-1"]
[WhiteElo "1827"]
[BlackElo "1933"]
[PlyCount "46"]
[EventDate "1995.??.??"]

1. g3 e5 2. Bg2 Nc6 3. d3 f5 4. Nc3 Nf6 5. e4 Bc5 6. Be3 Bxe3 7. fxe3 fxe4 8.
Nxe4 O-O 9. Nxf6+ Qxf6 10. Qf3 Qh6 11. Qd5+ Kh8 12. Kd2 Rf2+ 13. Ne2 d6 14.
Rae1 Be6 15. Qb5 Nd4 16. Qxb7 Raf8 17. Rhf1 Nf5 18. Rxf2 Qxe3+ 19. Kd1 Qxf2 20.
Be4 Ne3+ 21. Kd2 Nxc2 22. Rc1 Nd4 23. Re1 Bg4 0-1

[Event "II Festival"]
[Site "Paterno' ITA"]
[Date "1995.??.??"]
[Round "8"]
[White "Alaimo, Riccardo"]
[Black "Isonzo, David"]
[Result "1/2-1/2"]
[WhiteElo "1933"]
[BlackElo "2190"]
[PlyCount "78"]
[EventDate "1995.??.??"]

1. e4 c5 2. Nc3 e6 3. f4 Nc6 4. Nf3 a6 5. g3 d6 6. Bg2 Be7 7. d3 Nf6 8. O-O O-O
9. h3 Rb8 10. Be3 b5 11. Ne2 Re8 12. g4 Qc7 13. Ng3 Nd7 14. Qe1 Bf6 15. Rb1 g6
16. Qf2 Bg7 17. h4 d5 18. Nh2 d4 19. Bc1 Bb7 20. g5 c4 21. dxc4 bxc4 22. Ng4 f5
23. gxf6 Nxf6 24. Nxf6+ Bxf6 25. h5 Rbd8 26. hxg6 hxg6 27. f5 Be5 28. Bf4 Bxf4
29. Qxf4 Qxf4 30. Rxf4 gxf5 31. exf5 exf5 32. Nxf5 Re2 33. Bf3 Re6 34. Rg4+ Kf8
35. Bxc6 Rxc6 36. Nxd4 Rf6 37. Rf1 Kf7 38. Rxf6+ Kxf6 39. c3 Rh8 1/2-1/2

[Event "Torneo"]
[Site "Reggio nell'Emilia ITA"]
[Date "1995.??.??"]
[Round "?"]
[White "Vezzosi, Paolo"]
[Black "Iotti, Pierluigi"]
[Result "0-1"]
[WhiteElo "2305"]
[BlackElo "2275"]
[PlyCount "76"]
[EventDate "1995.??.??"]

1. d4 Nf6 2. c4 e6 3. Nc3 Bb4 4. e3 O-O 5. Nge2 d5 6. a3 Be7 7. cxd5 exd5 8. g3
c6 9. Bg2 Bf5 10. O-O Re8 11. f3 Bd6 12. e4 dxe4 13. fxe4 Bxe4 14. Rxf6 Bxg2
15. Rxd6 Qxd6 16. Kxg2 Na6 17. Bf4 Qd7 18. Qb3 Re6 19. Rf1 Rae8 20. Rf2 h6 21.
h3 b6 22. Be5 c5 23. Qc4 cxd4 24. Bxd4 Qb7+ 25. Kh2 Nb8 26. Nf4 Re1 27. Ncd5
Rc8 28. Qd3 Rcc1 29. Bxg7 Rh1+ 30. Kg2 Rhg1+ 31. Kf3 Rgd1 32. Rd2 Rf1+ 33. Kg4
f5+ 34. Kh5 Qf7+ 35. Ng6 Kh7 36. Nf6+ Kxg7 37. Ne8+ Qxe8 38. Qd4+ Kh7 0-1

[Event "Open A"]
[Site "Rimini ITA"]
[Date "1995.06.??"]
[Round "1"]
[White "Wagman, Stuart"]
[Black "Cugini, Verter"]
[Result "1/2-1/2"]
[WhiteElo "2215"]
[BlackElo "2235"]
[PlyCount "47"]
[EventDate "1995.06.25"]

1. e4 e6 2. d4 d5 3. Nc3 Nf6 4. e5 Ne4 5. Nce2 f6 6. f3 Ng5 7. Bxg5 fxg5 8. Qd2
c5 9. h4 gxh4 10. f4 Nc6 11. Nf3 cxd4 12. Nexd4 Nxd4 13. Nxd4 Bc5 14. Bb5+ Kf7
15. O-O-O Bxd4 16. Qxd4 Qb6 17. Qd3 a6 18. Ba4 Qb4 19. Qd4 Qxd4 20. Rxd4 b5 21.
Bb3 g6 22. Rxh4 Kg7 23. Kd2 Ra7 24. c3 1/2-1/2

[Event "Open A"]
[Site "Rimini ITA"]
[Date "1995.06.??"]
[Round "2"]
[White "Leoncini, Mario"]
[Black "Rigo, Gianfrancesco"]
[Result "1-0"]
[WhiteElo "2185"]
[BlackElo "1939"]
[PlyCount "45"]
[EventDate "1995.06.25"]

1. e4 e6 2. d4 d5 3. Nc3 Bb4 4. e5 c5 5. a3 Bxc3+ 6. bxc3 Ne7 7. Qg4 Qc7 8.
Qxg7 Rg8 9. Qxh7 cxd4 10. Ne2 Nbc6 11. f4 Bd7 12. Qd3 dxc3 13. Qxc3 Rc8 14. Rb1
Nf5 15. Bd2 Qd8 16. Qd3 Na5 17. Nd4 Qh4+ 18. g3 Nxg3 19. hxg3 Qxh1 20. Bxa5 Qg1
21. Rb3 Rc4 22. Ne2 Re4 23. Qxe4 1-0

[Event "Open A"]
[Site "Rimini ITA"]
[Date "1995.06.??"]
[Round "3"]
[White "Duarte, Riccardo"]
[Black "Leoncini, Mario"]
[Result "0-1"]
[WhiteElo "2030"]
[BlackElo "2185"]
[PlyCount "54"]
[EventDate "1995.06.25"]

1. e4 c5 2. f4 e6 3. Nf3 d5 4. Bb5+ Nc6 5. Ne5 Qb6 6. exd5 exd5 7. Qe2 Be7 8.
Nc3 Nf6 9. Na4 Qc7 10. Nxc5 O-O 11. Bxc6 Bxc5 12. Ba4 Nd7 13. c3 d4 14. Qe4 d3
15. Nxd3 Nf6 16. Qe5 Bd6 17. Qg5 h6 18. Qh4 Qc4 19. Bc2 Re8+ 20. Kf2 Ng4+ 21.
Kg1 Bf5 22. Ne5 Rxe5 23. fxe5 Bc5+ 24. d4 Bxd4+ 25. cxd4 Qxd4+ 26. Kf1 Bxc2 27.
Qg3 Qd1+ 0-1

[Event "Open A"]
[Site "Rimini ITA"]
[Date "1995.06.??"]
[Round "3"]
[White "Ferretti, Folco"]
[Black "Cugini, Verter"]
[Result "1-0"]
[WhiteElo "2275"]
[BlackElo "2235"]
[PlyCount "55"]
[EventDate "1995.06.25"]

1. e4 e6 2. d4 d5 3. Nd2 Nf6 4. e5 Ne4 5. Bd3 Nxd2 6. Bxd2 c5 7. c3 Qb6 8. Nf3
c4 9. Bc2 Qxb2 10. O-O h6 11. Ne1 Nc6 12. Rb1 Qa3 13. f4 Qe7 14. Qf3 Qd7 15. g4
g6 16. f5 gxf5 17. gxf5 exf5 18. Qh5 Qe7 19. Ng2 Be6 20. Bxf5 Nd8 21. Kh1 Rg8
22. Bxe6 Nxe6 23. Rb5 Nd8 24. Nf4 Rg5 25. Qf3 Qd7 26. Nxd5 Rg6 27. Rfb1 Be7 28.
Rxb7 1-0

[Event "Open A"]
[Site "Rimini ITA"]
[Date "1995.06.??"]
[Round "3"]
[White "Rigo, Gianfrancesco"]
[Black "Prelati, Maurizio"]
[Result "1-0"]
[WhiteElo "1939"]
[BlackElo "2170"]
[PlyCount "41"]
[EventDate "1995.06.25"]

1. e4 c5 2. Nf3 d6 3. d4 cxd4 4. Nxd4 Nf6 5. Nc3 a6 6. Bc4 e6 7. Bb3 Be7 8. Be3
O-O 9. Qe2 b5 10. O-O-O Qc7 11. f3 Nc6 12. g4 Bb7 13. g5 Nd7 14. g6 hxg6 15.
Nxe6 fxe6 16. Bxe6+ Rf7 17. Nd5 Qd8 18. f4 Kf8 19. Qg4 Ncb8 20. Qxg6 Qe8 21.
Nc7 1-0

[Event "Open A"]
[Site "Rimini ITA"]
[Date "1995.06.??"]
[Round "4"]
[White "Ferretti, Folco"]
[Black "Trevisani, Bruno"]
[Result "1/2-1/2"]
[WhiteElo "2275"]
[BlackElo "2320"]
[PlyCount "29"]
[EventDate "1995.06.25"]

1. e4 d5 2. exd5 Qxd5 3. Nc3 Qa5 4. d4 Nf6 5. Nf3 Bf5 6. Ne5 a6 7. Bc4 e6 8.
Qe2 Bb4 9. Bd2 Nbd7 10. O-O-O Nxe5 11. dxe5 Nd5 12. Ne4 Bxe4 13. Qxe4 Bxd2+ 14.
Rxd2 O-O-O 15. Rhd1 1/2-1/2

[Event "Open A"]
[Site "Rimini ITA"]
[Date "1995.06.??"]
[Round "4"]
[White "Leoncini, Mario"]
[Black "Magalotti, Andrea"]
[Result "1/2-1/2"]
[WhiteElo "2185"]
[BlackElo "2205"]
[PlyCount "121"]
[EventDate "1995.06.25"]

1. e4 e5 2. Nf3 Nc6 3. Bb5 a6 4. Ba4 Nf6 5. d3 b5 6. Bb3 d6 7. Ng5 d5 8. exd5
Nd4 9. O-O Nxb3 10. axb3 Nxd5 11. d4 f6 12. Nf3 exd4 13. Nxd4 Qd7 14. Qe2+ Kf7
15. Nxb5 Bb7 16. N5c3 Nxc3 17. Nxc3 Bd6 18. Qc4+ Qe6 19. Qxe6+ Kxe6 20. Be3 g5
21. Rad1 Rad8 22. f3 Be7 23. Rfe1 Rxd1 24. Rxd1 Rd8 25. Rxd8 Bxd8 26. Na4 Bc8
27. Kf2 Be7 28. Bc5 Bd8 29. Ke3 h5 30. g3 Kf5 31. Bf8 Ke6 32. Bc5 Kf5 33. b4
Ke5 34. c4 Kf5 35. Nc3 Ke6 36. b5 f5 37. Ne2 Bf6 38. Bd4 axb5 39. Bxf6 Kxf6 40.
cxb5 Bd7 41. Nc3 Ke5 42. f4+ gxf4+ 43. gxf4+ Kd6 44. Kd4 Be8 45. h4 Bd7 46. Kc4
Be6+ 47. Kd4 Bd7 48. Ne2 Bxb5 49. Ng3 c5+ 50. Ke3 Be8 51. Nxf5+ Kd5 52. Ng3 Bf7
53. Ne4 Bg6 54. Ng3 Bf7 55. Kd3 Bg6+ 56. Kc3 Be8 57. b4 cxb4+ 58. Kxb4 Kd4 59.
f5 Ke5 60. Kc5 Kf4 61. Nxh5+ 1/2-1/2

[Event "Open A"]
[Site "Rimini ITA"]
[Date "1995.06.??"]
[Round "5"]
[White "Ferretti, Folco"]
[Black "Vujovic, Milorad"]
[Result "0-1"]
[WhiteElo "2275"]
[BlackElo "2285"]
[PlyCount "82"]
[EventDate "1995.06.25"]

1. e4 c5 2. c3 d6 3. d4 Nf6 4. Bd3 Nc6 5. Nf3 g6 6. h3 Bg7 7. O-O O-O 8. dxc5
dxc5 9. Qe2 Nd7 10. Be3 Nde5 11. Nxe5 Nxe5 12. Bc2 Be6 13. Nd2 b5 14. Rfd1 c4
15. Nb3 Qb8 16. Nd4 Bd7 17. f4 Nc6 18. e5 Nxd4 19. cxd4 Qc8 20. Be4 Rb8 21. d5
a5 22. Rac1 Bf5 23. Bxf5 Qxf5 24. a4 Rfd8 25. axb5 Rxb5 26. Rd2 Rbxd5 27. Rxd5
Rxd5 28. Qxc4 Rd8 29. Qc7 Qd3 30. Re1 e6 31. Qxa5 Bf8 32. Qc3 Qb5 33. Qc2 Rd3
34. Bf2 Qd5 35. Rb1 Bh6 36. Qa4 Rd2 37. Qb4 Rc2 38. Rf1 Bf8 39. Qb8 Kg7 40. Kh1
Bc5 41. f5 gxf5 0-1

[Event "Open A"]
[Site "Rimini ITA"]
[Date "1995.06.??"]
[Round "6"]
[White "Facchetti, Gianni"]
[Black "Tocco, Paolo"]
[Result "1-0"]
[WhiteElo "2202"]
[BlackElo "2170"]
[PlyCount "97"]
[EventDate "1995.06.25"]

1. e4 e5 2. Nf3 Nc6 3. c3 Nge7 4. d3 d5 5. Qc2 h6 6. Be2 Ng6 7. h4 dxe4 8. dxe4
Qf6 9. h5 Nf4 10. Bxf4 Qxf4 11. Nbd2 Be6 12. Rh4 Qf6 13. Bc4 Be7 14. Qb3 Bxc4
15. Qxc4 O-O 16. Rg4 b5 17. Qb3 Kh7 18. Nf1 Qe6 19. Qxe6 fxe6 20. Rd1 Rad8 21.
Rxd8 Bxd8 22. N1d2 Bf6 23. Nh4 Rd8 24. Ng6 Kg8 25. Nf3 a5 26. Rg3 a4 27. Ke2
Kf7 28. Rh3 Ke8 29. Rh1 Rd6 30. Rb1 Rd8 31. g4 Ra8 32. Ne1 Ne7 33. Nxe7 Bxe7
34. Nd3 Bf6 35. Rc1 Rb8 36. c4 c6 37. cxb5 cxb5 38. Rc5 b4 39. Rc4 Be7 40. Nxe5
b3 41. Rxa4 bxa2 42. Rxa2 Bd6 43. Nd3 e5 44. Ra6 Ke7 45. Rc6 Kd7 46. Rc4 Ke6
47. Kd2 Rb6 48. b4 Kf6 49. f3 1-0

[Event "Open A"]
[Site "Rimini ITA"]
[Date "1995.06.??"]
[Round "6"]
[White "Marelli, Mauro"]
[Black "Leoncini, Mario"]
[Result "0-1"]
[WhiteElo "2340"]
[BlackElo "2185"]
[PlyCount "106"]
[EventDate "1995.06.25"]

1. d4 d5 2. c4 e6 3. Nc3 Be7 4. Nf3 Nf6 5. Bg5 O-O 6. e3 h6 7. Bh4 b6 8. Bd3
Bb7 9. O-O Nbd7 10. Rc1 c5 11. cxd5 Nxd5 12. Bxe7 Qxe7 13. Nxd5 Bxd5 14. Re1
Bb7 15. Bb1 Rfc8 16. Qd3 Nf8 17. e4 cxd4 18. Qxd4 Rxc1 19. Rxc1 Rd8 20. Qe3 e5
21. h3 Ng6 22. Kh2 Qd6 23. a3 Rc8 24. Rxc8+ Bxc8 25. Ba2 Be6 26. Bxe6 Qxe6 27.
Qc3 a5 28. g3 Kh7 29. Kg2 f6 30. Nd2 Ne7 31. Nc4 Qc6 32. f3 a4 33. Qb4 b5 34.
Ne3 Qc1 35. Nf5 Qc2+ 36. Kg1 Nxf5 37. exf5 Qxf5 38. Kg2 Qc2+ 39. Kg1 Qd3 40.
Kf2 f5 41. g4 fxg4 42. hxg4 Qd4+ 43. Qxd4 exd4 44. Ke2 g6 45. Kd3 h5 46. gxh5
gxh5 47. Kxd4 Kg6 48. Ke3 Kf5 49. f4 h4 50. Kf3 h3 51. Kg3 h2 52. Kxh2 Kxf4 53.
Kg2 Ke3 0-1

[Event "Open A"]
[Site "Rimini ITA"]
[Date "1995.06.??"]
[Round "6"]
[White "Vujovic, Milorad"]
[Black "Lagrotteria, Salvatore"]
[Result "1-0"]
[WhiteElo "2285"]
[BlackElo "2180"]
[PlyCount "113"]
[EventDate "1995.06.25"]

1. c4 e6 2. e3 Nf6 3. b3 d5 4. Bb2 Nbd7 5. Nf3 c6 6. Nc3 Bd6 7. Rc1 O-O 8. d4
Qe7 9. Bd3 dxc4 10. bxc4 e5 11. Be2 exd4 12. exd4 b5 13. cxb5 cxb5 14. Nxb5
Bb4+ 15. Bc3 a6 16. Qd2 Nd5 17. Bxb4 Qxb4 18. Nc7 Qxd2+ 19. Kxd2 Nxc7 20. Rxc7
Nf6 21. Bc4 Ne4+ 22. Ke3 Nd6 23. Bd5 Rb8 24. Ne5 Be6 25. Bxe6 fxe6 26. Nd7 Rf7
27. Nxb8 Rxc7 28. Nxa6 Rc3+ 29. Kf4 Kf7 30. Nc5 Ra3 31. Ra1 Ke7 32. Re1 Kf7 33.
Nxe6 Rxa2 34. Ng5+ Kg8 35. Ke5 Nf7+ 36. Nxf7 Kxf7 37. Re3 Ke7 38. Rf3 Re2+ 39.
Kd5 Rc2 40. h4 g6 41. g4 Rc1 42. Ra3 h5 43. Ra7+ Kf6 44. g5+ Kf5 45. f3 Kf4 46.
Rg7 Kxf3 47. Rxg6 Kg4 48. Rc6 Rg1 49. g6 Kxh4 50. Ke5 Rg4 51. d5 Kg3 52. Rc3+
Kg2 53. Kf5 Rb4 54. Rc6 Kf3 55. g7 Rf4+ 56. Kg6 Rg4+ 57. Kh7 1-0

[Event "Open A"]
[Site "Rimini ITA"]
[Date "1995.06.??"]
[Round "7"]
[White "Righi, Ezio"]
[Black "Aldrovandi, Costantino"]
[Result "0-1"]
[WhiteElo "2180"]
[BlackElo "1987"]
[PlyCount "70"]
[EventDate "1995.06.25"]

1. e4 c5 2. Nf3 e6 3. d4 cxd4 4. Nxd4 Nf6 5. Nc3 d6 6. Be3 a6 7. f3 Qc7 8. Qd2
Be7 9. g4 Nc6 10. O-O-O O-O 11. Bd3 Nd7 12. Kb1 Nde5 13. Qf2 b5 14. Nxc6 Qxc6
15. Ne2 Bd7 16. Nd4 Qc7 17. Rhg1 Nc6 18. f4 Nxd4 19. Bxd4 e5 20. Bb6 Qb7 21. f5
Bc6 22. g5 f6 23. gxf6 Bxf6 24. Rg4 Kh8 25. h4 Be8 26. Rh1 Bh5 27. Rg2 Rac8 28.
Be3 d5 29. Rg5 dxe4 30. Rxh5 exd3 31. Rc1 Rxc2 32. Rxc2 dxc2+ 33. Kxc2 Rd8 34.
a3 Qe4+ 35. Kc1 Qg4 0-1

[Event "Open B"]
[Site "Rimini ITA"]
[Date "1995.??.??"]
[Round "1"]
[White "Vismara, Daniele"]
[Black "La Spina, Marcello"]
[Result "1-0"]
[WhiteElo "1687"]
[BlackElo "1741"]
[PlyCount "97"]
[EventDate "1995.06.25"]

1. e4 c6 2. d4 d5 3. Nd2 dxe4 4. Nxe4 Bf5 5. Ng3 Bg6 6. h4 h6 7. Nf3 Nd7 8. h5
Bh7 9. Bd3 Bxd3 10. Qxd3 Qc7 11. Bd2 e6 12. O-O-O O-O-O 13. c4 Ngf6 14. Bc3 Bd6
15. Ne4 Bf4+ 16. Kb1 Nxe4 17. Qxe4 Nf6 18. Qe2 Bd6 19. Ne5 Bxe5 20. dxe5 Rxd1+
21. Rxd1 Nd7 22. Qg4 Rg8 23. Qd4 c5 24. Qf4 Nb8 25. Kc2 Nc6 26. Qe3 Ne7 27. g4
Rd8 28. Rxd8+ Kxd8 29. Qd3+ Qd7 30. b3 Qxd3+ 31. Kxd3 Nc6 32. Ke4 Ke7 33. f4 g6
34. Bd2 b6 35. Bc3 gxh5 36. gxh5 Kd7 37. f5 Ne7 38. f6 Nf5 39. Be1 Kc6 40. Kf4
Kd7 41. Bd2 Ke8 42. a3 Kd7 43. Kg4 Ke8 44. Bxh6 Nxh6+ 45. Kg5 Nf5 46. h6 Nxh6
47. Kxh6 Kf8 48. Kh7 a5 49. a4 1-0

[Event "Open B"]
[Site "Rimini ITA"]
[Date "1995.??.??"]
[Round "2"]
[White "Amaranto, Luca"]
[Black "La Spina, Marcello"]
[Result "1-0"]
[WhiteElo "1708"]
[BlackElo "1741"]
[PlyCount "223"]
[EventDate "1995.06.25"]

1. e4 c6 2. d4 d5 3. Nd2 dxe4 4. Nxe4 Bf5 5. Ng3 Bg6 6. Nf3 Nd7 7. Bd3 Bxd3 8.
Qxd3 Qc7 9. O-O e6 10. Re1 O-O-O 11. c3 Ngf6 12. h3 Bd6 13. Nf1 h6 14. Be3 Nd5
15. Qc2 Nxe3 16. Nxe3 g5 17. Nc4 Bf4 18. g3 Bd6 19. Nxd6+ Qxd6 20. Ne5 Nxe5 21.
Rxe5 Rdg8 22. b4 f6 23. Re3 f5 24. Rae1 Rg6 25. g4 Rf6 26. gxf5 exf5 27. Qe2 h5
28. Re8+ Rxe8 29. Qxe8+ Kc7 30. Re7+ Kb6 31. Rd7 Rf8 32. Rxd6 Rxe8 33. Rh6 Re1+
34. Kg2 g4 35. Rxh5 gxh3+ 36. Rxh3 Re2 37. Rf3 Rc2 38. Kg3 Rxa2 39. Rxf5 Rc2
40. Rf3 Kb5 41. Re3 Kc4 42. f4 b6 43. f5 Rc1 44. f6 Rf1 45. Rf3 Rg1+ 46. Kf2
Rg8 47. f7 Rf8 48. Ke2 a5 49. bxa5 bxa5 50. Kd2 Kb3 51. Rf6 a4 52. Rxc6 a3 53.
Rb6+ Ka2 54. Rb7 Ka1 55. c4 a2 56. Ra7 Kb2 57. c5 a1=Q 58. Rxa1 Kxa1 59. Kc3
Rxf7 60. Kc4 Kb2 61. c6 Ka3 62. d5 Ka4 63. d6 Rf1 64. d7 Rc1+ 65. Kd5 Kb5 66.
c7 Rc5+ 67. Kd4 Rc4+ 68. Kd3 Rxc7 69. d8=Q Rc5 70. Qd7+ Rc6 71. Kd4 Kb6 72. Kd5
Rc5+ 73. Kd4 Rc6 74. Qd8+ Kb7 75. Kd5 Rc1 76. Qd7+ Kb8 77. Qb5+ Kc7 78. Qa5+
Kc8 79. Ke6 Rc6+ 80. Ke7 Rc1 81. Qa6+ Kc7 82. Qd6+ Kc8 83. Qd7+ Kb8 84. Qb5+
Kc8 85. Qf5+ Kb7 86. Qf3+ Kc8 87. Qh3+ Kb7 88. Qg2+ Kc8 89. Qa8+ Kc7 90. Qa7+
Kc8 91. Qd7+ Kb8 92. Kd8 Ka8 93. Qa4+ Kb7 94. Qb4+ Kc6 95. Qd4 Rc5 96. Ke7 Rd5
97. Qa7 Re5+ 98. Kf6 Rd5 99. Qa6+ Kc5 100. Ke6 Rd4 101. Qa5+ Kc4 102. Ke5 Rd3
103. Qa4+ Kc3 104. Ke4 Rd2 105. Qa3+ Kc2 106. Ke3 Rd8 107. Qc5+ Kd1 108. Qc6
Rd2 109. Qa4+ Kc1 110. Qa1+ Kc2 111. Qa2+ Kc3 112. Qxd2+ 1-0

[Event "Open B"]
[Site "Rimini ITA"]
[Date "1995.??.??"]
[Round "3"]
[White "La Spina, Marcello"]
[Black "Rivola, Franco"]
[Result "1-0"]
[WhiteElo "1741"]
[BlackElo "1782"]
[PlyCount "125"]
[EventDate "1995.06.25"]

1. e4 c6 2. Nc3 d5 3. Nf3 dxe4 4. Nxe4 Bf5 5. Ng3 Bg4 6. h3 Bxf3 7. Qxf3 Nf6 8.
Bc4 e6 9. O-O Be7 10. c3 O-O 11. d4 Nbd7 12. Re1 Qa5 13. a4 Rad8 14. Nf5 Qxf5
15. Qxf5 exf5 16. Rxe7 Rde8 17. Rxe8 Rxe8 18. Bf4 Nd5 19. Bd6 Re6 20. Ba3 N7f6
21. f3 Re3 22. Kf2 f4 23. Re1 Rxe1 24. Kxe1 Ne3 25. Bf1 Nc2+ 26. Kf2 Nxa3 27.
bxa3 Nd5 28. c4 Ne3 29. Bd3 Nd1+ 30. Ke1 Ne3 31. Kf2 g6 32. g3 Nd1+ 33. Kg2
fxg3 34. Kxg3 Nb2 35. Be2 Nxa4 36. Kf4 f6 37. h4 h5 38. Bd3 Kg7 39. d5 cxd5 40.
cxd5 Nc5 41. Bb5 a6 42. Be8 Nd3+ 43. Ke3 Ne5 44. f4 Nc4+ 45. Kd4 Nd6 46. Bd7 b6
47. a4 a5 48. Be6 Kf8 49. Bh3 Ke7 50. Be6 Ne8 51. Kc4 Nc7 52. Bg8 Kd6 53. Bf7
g5 54. fxg5 fxg5 55. hxg5 Ke7 56. Bxh5 Kf8 57. Bg4 Ke7 58. g6 Ne8 59. Kb5 Nc7+
60. Kc6 Nxd5 61. Kxd5 b5 62. axb5 a4 63. Kc4 1-0

[Event "Open B"]
[Site "Rimini ITA"]
[Date "1995.??.??"]
[Round "3"]
[White "Righini, Giovanni"]
[Black "Vismara, Daniele"]
[Result "1-0"]
[WhiteElo "1800"]
[BlackElo "1687"]
[PlyCount "57"]
[EventDate "1995.06.25"]

1. e4 c5 2. c3 Nf6 3. e5 Nd5 4. d4 cxd4 5. Nf3 e6 6. Bc4 Nb6 7. Bb3 dxc3 8. O-O
d5 9. exd6 Bxd6 10. Nxc3 a6 11. Qd4 O-O 12. Rd1 Be7 13. Qg4 N6d7 14. Ne4 Kh8
15. Neg5 h6 16. Bxe6 hxg5 17. Nxg5 Bxg5 18. Bxg5 Qb6 19. Qh4+ Kg8 20. Bf5 Nf6
21. Bb1 Rd8 22. Bh7+ Kf8 23. Bc2 Rxd1+ 24. Rxd1 Nbd7 25. Qh8+ Ke7 26. Qxg7 Qxb2
27. Bb3 Qe2 28. Qxf7+ Kd8 29. Bxf6+ {...} 1-0

[Event "Open B"]
[Site "Rimini ITA"]
[Date "1995.??.??"]
[Round "4"]
[White "La Spina, Marcello"]
[Black "Di Lao, Riccardo"]
[Result "1-0"]
[WhiteElo "1741"]
[BlackElo "1770"]
[PlyCount "47"]
[EventDate "1995.06.25"]

1. e4 c5 2. c3 d5 3. exd5 Qxd5 4. d4 Nc6 5. Nf3 Bg4 6. Be2 cxd4 7. cxd4 e6 8.
O-O Nf6 9. Nc3 Qd7 10. Bg5 Be7 11. Bxf6 Bxf6 12. d5 exd5 13. Nxd5 Bxb2 14. Rb1
Rd8 15. Rxb2 Qxd5 16. Qa4 Qe6 17. Bc4 Qf6 18. Re1+ Kf8 19. Rxb7 Bd7 20. Qa3+
Ne7 21. Qxa7 Be6 22. Bxe6 fxe6 23. h3 Kf7 24. Ne5+ 1-0

[Event "Open B"]
[Site "Rimini ITA"]
[Date "1995.??.??"]
[Round "5"]
[White "Pompili, Ugo"]
[Black "La Spina, Marcello"]
[Result "1-0"]
[WhiteElo "1698"]
[BlackElo "1741"]
[PlyCount "97"]
[EventDate "1995.06.25"]

1. e4 c6 2. d4 d5 3. f3 e6 4. Be3 dxe4 5. fxe4 Qh4+ 6. Bf2 Qxe4+ 7. Ne2 Nf6 8.
Nd2 Qd5 9. c4 Qa5 10. Nc3 Bb4 11. Qc2 Ng4 12. Bg1 Qg5 13. Qd3 Nd7 14. O-O-O O-O
15. h3 Ngf6 16. g4 Bxc3 17. bxc3 Qa5 18. Kb1 Rd8 19. Qf3 e5 20. Nb3 Qc7 21. g5
e4 22. Qe2 Re8 23. gxf6 Nxf6 24. Be3 Bf5 25. Bg2 a5 26. Rdf1 Bg6 27. Bf4 Qb6
28. Ka1 a4 29. Nc5 Qa5 30. Qb2 Ra7 31. Nxb7 Rxb7 32. Qxb7 Qxc3+ 33. Qb2 Qxc4
34. Rc1 Qa6 35. Bf1 Qa7 36. Rxc6 a3 37. Qf2 e3 38. Bxe3 Qb7 39. Bg2 Rb8 40. Rc2
Ne4 41. Bxe4 Bxe4 42. Rhc1 h6 43. Bf4 Rd8 44. Rc7 Qb4 45. Be3 f5 46. Rc8 Rxc8
47. Rxc8+ Kh7 48. Rc1 g5 49. Qd2 1-0